000 00563nam a2200181Ia 4500
003 GCL
008 140319s9999 xx 000 0 ara d
040 _aGCL /
_cGCL
082 0 4 _a414
_bش م
100 1 _aالشحات محمد ابوستيت
245 1 0 _aمقاييس البلاغيين فى فصاحة الكلمة /
_cالشحات محمد ابوستيت
300 _a134 ص
490 _a
650 0 4 _aالبلاغة العربية
650 0 4 _aاللغويون العرب
650 0 4 _aاللغة العربية - الالفاظ
942 _2ddc
_cBK
999 _c37698
_d37698